¡Bienvenidos al parque! / Parc de la Serralada de Marina
Descripción Física:
1 f. plegat en 4 parts : il. col. ; 22 cm pleg., 44 x 44 cm despleg.
MARC
| LEADER | 00000nam a2200000Ia 4500 | ||
|---|---|---|---|
| 001 | 23378 | ||
| 008 | 160829s2011 xx 000 0 cat d | ||
| 080 | |a FU-61-14 | ||
| 110 | 1 | |a Parc de la Serralada de Marina (Catalunya) |9 10205 | |
| 245 | |a ¡Bienvenidos al parque! / Parc de la Serralada de Marina | ||
| 260 | |a Barcelona : |b Diputació de Barcelona. Àrea de Territori i Sostenibilitat, |c 2011 | ||
| 300 | |a 1 f. plegat en 4 parts : |b il. col. ; |c 22 cm pleg., 44 x 44 cm despleg. | ||
| 590 | |a Conté un mapa del parc. | ||
| 590 | |a Hi ha un altre exemplar en català amb R. 23377 | ||
| 610 | 1 | 0 | |a Parc de la Serralada de Marina (Catalunya) |v Guies |9 52709 |
| 710 | 1 | |a Barcelona (Catalunya : Província). |b Àrea de Territori i Sostenibilitat |9 52770 | |
| 901 | |a Arxiu | ||
| 942 | |n 1 | ||
| 952 | |0 0 |1 0 |4 0 |6 FU6114 |7 1 |9 54816 |a Arxiu |b Arxiu |d 2012-01-17 |l 0 |o FU-61-14 |p 23378 |r 2016-12-01 00:00:00 |w 2016-12-01 |y ARXIU | ||
| 999 | |c 58685 |d 58685 | ||